01046 2200241 4500001002100000005001500021035002000036007000300056008003900059020002200098082001300120084002200133100001800155245005900173300003100232650002000263520038300283264004400666336002100710337002300731338003800754990001200792INLIS00000000116628420260114093808 a0010-0126000146ta260114 | | |  a978-623-00-5426-6 a899.2213 aSR 899.2213 KAL p0 aKaleb Budiman1 aPenginapan kucing ketawa (bagian dua) /cKaleb Budiman e1 berkas komputer (2.0 MB) 4aFiksi Indonesia aRumah besar itu seharusnya tidak lagi menjadi sumber masalah, seperti yang dulu menghantui kehidupan Salvo. Tapi nyatanya kejadian nahas di sana membuat Salvo harus mengenang segala peristiwa yang pernah menderanya, yang membuatnya kehilangan orang-orang tersayang. Seandainya kucing hitamnya tak ada, mungkin Salvo pun akan kehilangan nyawa dengan cara yang tak pernah ia duga. aJakarta :bElex Media Komputindo,c2023 2rdacontentaTeks 2rdamediaaKomputer 2rdacarrieraSumber sambung jaring a3406501